000 00932nam a2200289 i 4500
001 bg
100 1 _aWaligóra, Grzegorz
_c(informatyka).
245 1 0 _aDiscrete-continuous project scheduling - models and algorithms /
_cGrzegorz Waligóra.
260 _aPoznań :
_bWydawnictwo Politechniki Poznańskiej,
_c2008.
300 _a173, [1] s. :
_bil. ;
_c24 cm.
490 1 _aRozprawy / Politechnika Poznańska,
_x0551-6528 ;
_vnr 423
504 _aBibliogr. s. 161-168.
546 _aStreszcz. pol.
650 9 _aAlgorytmy
650 9 _aBadania operacyjne
650 9 _aZarządzanie projektami
_xmodele matematyczne
830 0 _aRozprawy - Politechnika Poznańska
_vnr 423
020 _a9788371433832
022 _a05516528
040 _cBPK
041 0 _aeng
_bpol
044 _aPOL
080 _a005.8:005.31:519.8:510.5
920 _a978-83-7143-383-2
942 _cKS
008 080708s2008 pl a |000 0 pol
999 _c56189
_d56189
856 _uhttp://koha.tu.koszalin.pl/cgi-bin/koha/opac-detail.pl?biblionumber=56189
_yKatalog online BPK